Regióny rozvojového sveta vo svetovej ekonomike diplomová práca

Guardado en:
Detalles Bibliográficos
Autor principal: Tóth, Matúš
Autor Corporativo: Fakulta medzinárodných vzťahov EU. Katedra medzinárodných ekonomických vzťahov a hospodárskej diplomacie
Otros Autores: Grešš, Martin, 1978-
Formato: Libro
Lenguaje:eslovaco
Publicado: Bratislava 2023
Etiquetas: Agregar Etiqueta
Sin Etiquetas, Sea el primero en etiquetar este registro!

MARC

LEADER 00000nbm a2200000 4500
001 0293170
005 20240320093344.0
041 0 |a slo 
044 |a SK 
245 1 0 |a Regióny rozvojového sveta vo svetovej ekonomike  |b diplomová práca  |c Matúš Tóth ; školiteľ: Martin Grešš 
264 1 |a Bratislava  |c 2023 
300 |a 99 s. 
100 1 |a Tóth, Matúš 
700 1 |a Grešš, Martin, 1978- 
710 2 |a Fakulta medzinárodných vzťahov EU. Katedra medzinárodných ekonomických vzťahov a hospodárskej diplomacie